00430nam a2200145Ia 4500008004100000082001000041100002000051245002500071260002000096630002500116730002500141942000900166999001900175952009000194100328s9999 xx 000 0 und d b24052 aMujumdar Chanda aGreat Women Of India bAdvaita Ashrama aGreat Women Of India aGreat Women Of India cBOOK c517556d517553 00104070aRNVbRNVd2010-03-28l0pRNV-24052r2010-03-28 00:00:00w2010-03-28yBOOK